<?xml version="1.0" encoding="UTF-8"?>
<record
    xmlns:xsi="http://www.w3.org/2001/XMLSchema-instance"
    xsi:schemaLocation="http://www.loc.gov/MARC21/slim http://www.loc.gov/standards/marcxml/schema/MARC21slim.xsd"
    xmlns="http://www.loc.gov/MARC21/slim">

  <leader>00202nam a2200085   4500</leader>
  <controlfield tag="001">1255389</controlfield>
  <controlfield tag="005">20251209144700.0</controlfield>
  <datafield tag="245" ind1=" " ind2=" ">
    <subfield code="a">KEND&#x130;N&#x130; ARAYAN &#xC7;OCUK</subfield>
    <subfield code="c">HAMDULLAH K&#xD6;SEO&#x11E;LU</subfield>
  </datafield>
  <datafield tag="260" ind1=" " ind2=" ">
    <subfield code="b">TUDEM YAYINLARI</subfield>
  </datafield>
  <datafield tag="999" ind1=" " ind2=" ">
    <subfield code="c">1255389</subfield>
    <subfield code="d">1255389</subfield>
  </datafield>
  <datafield tag="952" ind1=" " ind2=" ">
    <subfield code="0">0</subfield>
    <subfield code="1">0</subfield>
    <subfield code="2">ddc</subfield>
    <subfield code="4">0</subfield>
    <subfield code="7">0</subfield>
    <subfield code="a">1057</subfield>
    <subfield code="b">1057</subfield>
    <subfield code="d">2025-12-09</subfield>
    <subfield code="l">0</subfield>
    <subfield code="o">&#x130;4</subfield>
    <subfield code="p">1057859</subfield>
    <subfield code="r">2025-12-09 14:47:16</subfield>
    <subfield code="w">2025-12-09</subfield>
    <subfield code="y">BK</subfield>
  </datafield>
</record>
